[Event "9. Malaga Open"]
[Site "Campillos ESP"]
[Date "2006.03.01"]
[Round "6.5"]
[White "Roeder, Mathias"]
[Black "Khamrakulov, Ibragim"]
[Result "0-1"]
[WhiteElo "2400"]
[BlackElo "2499"]
[PlyCount "51"]
[EventDate "2006.02.25"]
[EventType "swiss"]
[EventRounds "9"]
[EventCountry "ESP"]
[Source "lmi"]
[SourceDate "2006.03.05"]

1. d4 Nf6 2. c4 e6 3. Nf3 b6 4. Nc3 Bb4 5. Bg5 Bb7 6. e3 h6 7. Bh4 c5 8. a3 Ba5
9. Bd3 cxd4 10. exd4 Bxc3+ 11. bxc3 d6 12. O-O Nbd7 13. Bg3 Qc7 14. Re1 O-O 15.
Nd2 Rfe8 16. a4 a5 17. Rb1 Qc6 18. Bf1 Ba6 19. Qb3 d5 20. cxd5 Qxd5 21. Qxd5
Nxd5 22. c4 Ne7 23. Bc7 Nc6 24. Nf3 Rac8 25. Bxb6 Rb8 26. c5 0-1

[Event "9. Malaga Open"]
[Site "Campillos ESP"]
[Date "2006.03.01"]
[Round "6.6"]
[White "Teran Alvarez, Ismael"]
[Black "Ivanov, Jordan"]
[Result "0-1"]
[WhiteElo "2446"]
[BlackElo "2348"]
[PlyCount "114"]
[EventDate "2006.02.25"]
[EventType "swiss"]
[EventRounds "9"]
[EventCountry "ESP"]
[Source "lmi"]
[SourceDate "2006.03.05"]

1. e4 c5 2. Nf3 d6 3. d4 cxd4 4. Nxd4 Nf6 5. Nc3 e6 6. Be2 Be7 7. O-O Nc6 8.
Be3 Bd7 9. Ndb5 Qb8 10. a4 O-O 11. Qd2 Rd8 12. Rad1 Be8 13. Qc1 a6 14. Na3 d5
15. exd5 exd5 16. Bb6 Rd7 17. Bf3 d4 18. Ne4 Ne5 19. Nxf6+ Bxf6 20. Be4 Ng4 21.
g3 Qe5 22. Bg2 Rc8 23. h3 Nxf2 24. Rxf2 Bg5 25. Re1 Qxg3 26. Rfe2 Re7 27. Rxe7
Bc6 28. Qxg5 Qxg5 29. R7e2 f5 30. Kf1 Qh4 31. b3 Qf4+ 32. Kg1 Bxg2 33. Kxg2 Qd6
34. Nc4 Rxc4 35. bxc4 Qxb6 36. Kh1 Kf7 37. Re5 g6 38. R1e2 Qc6+ 39. Kh2 Qxc4
40. a5 Qc7 41. Kg2 Kf6 42. Re6+ Kg5 43. Re7 Qxa5 44. Rxh7 Qd5+ 45. Kh2 Qd6+ 46.
Kg1 Kf6 47. Rxb7 f4 48. Rb3 g5 49. Rd3 Qb4 50. Kg2 Kf5 51. Red2 Qb7+ 52. Kf2
Qh1 53. Re2 a5 54. Ra3 Kg6 55. Rxa5 Qxh3 56. Ree5 Qg3+ 57. Kf1 f3 0-1

[Event "9. Malaga Open"]
[Site "Campillos ESP"]
[Date "2006.03.01"]
[Round "6.7"]
[White "Colovic, Aleksandar"]
[Black "Rodriguez Lopez, Rafael"]
[Result "1-0"]
[WhiteElo "2459"]
[BlackElo "2267"]
[PlyCount "57"]
[EventDate "2006.02.25"]
[EventType "swiss"]
[EventRounds "9"]
[EventCountry "ESP"]
[Source "lmi"]
[SourceDate "2006.03.05"]

1. e4 c5 2. Nf3 Nc6 3. d4 cxd4 4. Nxd4 Qb6 5. Nb3 e6 6. Nc3 Qc7 7. Bd3 a6 8. f4
d6 9. O-O Nf6 10. Qe2 Be7 11. Bd2 O-O 12. Rae1 Nd7 13. Kh1 b5 14. Rf3 Qb8 15.
Nd1 Re8 16. Nf2 e5 17. f5 Bb7 18. Rg3 Nf6 19. Ng4 Kf8 20. Rh3 h6 21. Rxh6 gxh6
22. Bxh6+ Kg8 23. Nxf6+ Bxf6 24. Qg4+ Kh7 25. Qh5 Bg7 26. Re3 Re7 27. Rh3 f6
28. Bxg7+ Kxg7 29. Qg6+ 1-0

[Event "9. Malaga Open"]
[Site "Campillos ESP"]
[Date "2006.03.01"]
[Round "6.8"]
[White "Quillan, Gary"]
[Black "Rotstein, Arkadij"]
[Result "0-1"]
[WhiteElo "2356"]
[BlackElo "2520"]
[PlyCount "90"]
[EventDate "2006.02.25"]
[EventType "swiss"]
[EventRounds "9"]
[EventCountry "ESP"]
[Source "lmi"]
[SourceDate "2006.03.05"]

1. e4 c5 2. Nf3 e6 3. c3 Nf6 4. e5 Nd5 5. d4 cxd4 6. cxd4 d6 7. Bc4 Nb6 8. Bb3
dxe5 9. Nxe5 Nc6 10. Nxc6 bxc6 11. O-O Be7 12. Nc3 O-O 13. Bf4 Nd5 14. Bxd5
cxd5 15. Re1 Bd7 16. Qd2 Rc8 17. Rac1 Qa5 18. a3 Rc4 19. Ne2 Qxd2 20. Bxd2 Rfc8
21. Rxc4 Rxc4 22. Rc1 Bb5 23. Rxc4 Bxc4 24. Nc1 Bf6 25. b3 Ba6 26. Bc3 Be7 27.
Bd2 f6 28. f3 e5 29. b4 e4 30. Nb3 exf3 31. gxf3 Kf7 32. Nc5 Bc4 33. Bc1 g5 34.
Be3 Kg6 35. Kg2 h5 36. Bf2 h4 37. a4 Bd6 38. b5 Bf4 39. Be1 Be3 40. Bc3 Kf5 41.
h3 Be2 42. Bb2 Bd2 43. Kf2 Bd1 44. Ba1 Kg6 45. Bb2 f5 0-1

[Event "9. Malaga Open"]
[Site "Campillos ESP"]
[Date "2006.03.01"]
[Round "6.9"]
[White "Vitor, Antonio"]
[Black "Matamoros Franco, Carlos"]
[Result "0-1"]
[WhiteElo "2354"]
[BlackElo "2510"]
[PlyCount "38"]
[EventDate "2006.02.25"]
[EventType "swiss"]
[EventRounds "9"]
[EventCountry "ESP"]
[Source "lmi"]
[SourceDate "2006.03.05"]

1. b3 Nf6 2. Bb2 g6 3. Bxf6 exf6 4. d4 c5 5. dxc5 Bxc5 6. e3 O-O 7. g3 d5 8. c3
Nc6 9. Ne2 Bg4 10. Bg2 d4 11. Bxc6 bxc6 12. cxd4 Qa5+ 13. Qd2 Bb4 14. Nec3 Bf3
15. Rg1 c5 16. a3 cxd4 17. axb4 Qxa1 18. Qa2 Qxc3+ 19. Nxc3 dxc3 0-1

[Event "9. Malaga Open"]
[Site "Campillos ESP"]
[Date "2006.03.01"]
[Round "6.11"]
[White "Mariano, Nelson"]
[Black "Liñan Baena, Jeronimo"]
[Result "1-0"]
[WhiteElo "2474"]
[BlackElo "2175"]
[PlyCount "123"]
[EventDate "2006.02.25"]
[EventType "swiss"]
[EventRounds "9"]
[EventCountry "ESP"]
[Source "lmi"]
[SourceDate "2006.03.05"]

1. e4 c5 2. Ne2 Nc6 3. Nbc3 Nf6 4. g3 d5 5. exd5 Nxd5 6. Bg2 Nxc3 7. bxc3 g6 8.
Rb1 Bg7 9. O-O O-O 10. Nf4 Qd7 11. Qf3 Rb8 12. Re1 e6 13. Ba3 Ne7 14. Bxc5 b6
15. Qe2 Bb7 16. Bxe7 Qxe7 17. Bxb7 Qxb7 18. Rb3 h5 19. h4 Rbc8 20. a3 Rc7 21.
c4 Rd8 22. d3 Rc5 23. Reb1 Qc6 24. Rb5 Bd4 25. Nh3 Rd6 26. Ng5 Rf5 27. Rxf5
exf5 28. Qf3 Qc8 29. Re1 Bf6 30. Qf4 Rd8 31. a4 Kg7 32. Qc1 Qc6 33. Qa3 f4 34.
Re4 fxg3 35. fxg3 Bd4+ 36. Kh2 Bf6 37. Qb4 Re8 38. Qb5 Qxb5 39. axb5 Rc8 40.
Nh3 Kf8 41. Nf4 Be7 42. Nd5 Bd6 43. Kg2 Re8 44. Rxe8+ Kxe8 45. Kf3 Kd7 46. c3
Ke6 47. d4 f6 48. Nb4 g5 49. hxg5 fxg5 50. Nc6 Ba3 51. Nxa7 Bb2 52. Nc8 Bxc3
53. d5+ Ke5 54. Nxb6 g4+ 55. Kg2 Kd6 56. Nc8+ Kc7 57. Ne7 Bb4 58. Nc6 Bd6 59.
Nd4 Be5 60. Nf5 Kb6 61. d6 Kc5 62. Kf1 1-0

[Event "9. Malaga Open"]
[Site "Campillos ESP"]
[Date "2006.03.01"]
[Round "6.12"]
[White "Lovik, Lasse Ostebo"]
[Black "Saldaño, Horacio"]
[Result "1-0"]
[WhiteElo "2003"]
[BlackElo "2436"]
[PlyCount "109"]
[EventDate "2006.02.25"]
[EventType "swiss"]
[EventRounds "9"]
[EventCountry "ESP"]
[Source "lmi"]
[SourceDate "2006.03.05"]

1. e4 c5 2. Nf3 e6 3. d4 cxd4 4. Nxd4 Nc6 5. Be3 Nf6 6. Nc3 a6 7. Bd3 Qc7 8.
O-O h5 9. h3 b5 10. Nb3 Ne5 11. f4 Nxd3 12. cxd3 Bb7 13. Rc1 Qd8 14. Qe2 Be7
15. Qf2 O-O 16. Bb6 Qb8 17. Ne2 Bc6 18. Na5 Rc8 19. Qe3 Bb4 20. Rc2 Bxa5 21.
Bxa5 Qd6 22. Rfc1 Qe7 23. Qd4 Ne8 24. Rc3 Bb7 25. Bb4 d6 26. Rxc8 Rxc8 27. Rxc8
Bxc8 28. Qb6 Qd7 29. Nd4 Qb7 30. Qxb7 Bxb7 31. Kf2 g6 32. g4 hxg4 33. hxg4 Kf8
34. Ke3 Ke7 35. g5 Kd7 36. Nf3 Nc7 37. Nh2 Ne8 38. Ng4 Ba8 39. Kd4 Ng7 40. Nf6+
Kc6 41. Ke3 e5 42. fxe5 dxe5 43. Ng4 Kd7 44. Nxe5+ Kc8 45. Nf3 Nh5 46. d4 f6
47. d5 f5 48. Ne5 Ng7 49. Nxg6 fxe4 50. Kxe4 Ne6 51. Bd2 Nc7 52. Nf4 Kd7 53.
Ke5 Ne8 54. Bb4 Ng7 55. Bf8 1-0

[Event "9. Malaga Open"]
[Site "Campillos ESP"]
[Date "2006.03.01"]
[Round "6.13"]
[White "Bellon Lopez, Juan Manuel"]
[Black "Terron Elena, Francisco Miguel"]
[Result "1-0"]
[WhiteElo "2415"]
[BlackElo "2230"]
[PlyCount "73"]
[EventDate "2006.02.25"]
[EventType "swiss"]
[EventRounds "9"]
[EventCountry "ESP"]
[Source "lmi"]
[SourceDate "2006.03.05"]

1. d4 d5 2. Nf3 Nc6 3. Bg5 f6 4. Bh4 Nh6 5. c4 e6 6. e3 Nf5 7. Bd3 h5 8. Bxf5
exf5 9. cxd5 Nb4 10. Bg3 f4 11. Bxf4 g5 12. Nxg5 fxg5 13. Be5 Rh6 14. e4 c6 15.
a3 cxd5 16. axb4 Bxb4+ 17. Nc3 Bxc3+ 18. bxc3 dxe4 19. O-O Qd5 20. Re1 b5 21.
c4 bxc4 22. Qd2 Rg6 23. Ra5 Qb7 24. Qe2 Bg4 25. Qxc4 Rc6 26. Rc5 Be6 27. Qc2
Rxc5 28. dxc5 Bd5 29. Bd6 Kf7 30. Rb1 Qa6 31. Qb2 e3 32. fxe3 Qd3 33. Rf1+ Ke6
34. Qe5+ Kd7 35. Qe7+ Kc6 36. Qe8+ Kb7 37. Qd7+ 1-0

[Event "9. Malaga Open"]
[Site "Campillos ESP"]
[Date "2006.03.01"]
[Round "6.14"]
[White "Alonso, Rene"]
[Black "Lopez Gonzalez, Daniel"]
[Result "1-0"]
[WhiteElo "2392"]
[BlackElo "2230"]
[PlyCount "119"]
[EventDate "2006.02.25"]
[EventType "swiss"]
[EventRounds "9"]
[EventCountry "ESP"]
[Source "lmi"]
[SourceDate "2006.03.05"]

1. d4 Nf6 2. Nf3 e6 3. c4 b6 4. a3 Bb7 5. Nc3 g6 6. g3 Bg7 7. Bg2 O-O 8. Qc2 d5
9. cxd5 exd5 10. O-O c6 11. Ne5 Nbd7 12. Bg5 h6 13. Bxf6 Nxf6 14. Rfd1 Qd6 15.
b4 a5 16. Qb3 b5 17. Rac1 Rfe8 18. e4 axb4 19. axb4 Re7 20. exd5 Nxd5 21. Nxc6
Bxc6 22. Bxd5 Bxd5 23. Qxd5 Rd8 24. Qxd6 Rxd6 25. Nxb5 Rb6 26. Rc8+ Kh7 27. Rc7
Rxc7 28. Nxc7 Rxb4 29. d5 Be5 30. d6 Rb8 31. Rd5 Bf6 32. Nb5 Kg7 33. d7 Bd8 34.
Na7 Rb6 35. Nc8 Rb7 36. Nd6 Rb8 37. Nc8 Kf6 38. Rd4 Kg7 39. Kg2 Kf8 40. Rd3 Rb7
41. Kf3 Rb4 42. Re3 Kg7 43. Re8 Rb7 44. Kg2 Bf6 45. d8=Q Bxd8 46. Rxd8 Rb8 47.
Re8 h5 48. Nd6 Rb6 49. Nc4 Rc6 50. Ne5 Rf6 51. h4 Rf5 52. Nf3 f6 53. Re7+ Kf8
54. Ra7 g5 55. hxg5 fxg5 56. g4 hxg4 57. Nh2 g3 58. Kxg3 Rb5 59. Ng4 Rb1 60.
Ra5 1-0

[Event "9. Malaga Open"]
[Site "Campillos ESP"]
[Date "2006.03.01"]
[Round "6.15"]
[White "Gorbatow, Alexej"]
[Black "Garcia Vasquez, Jhoel Christopher"]
[Result "1/2-1/2"]
[WhiteElo "2381"]
[BlackElo "2228"]
[PlyCount "102"]
[EventDate "2006.02.25"]
[EventType "swiss"]
[EventRounds "9"]
[EventCountry "ESP"]
[Source "lmi"]
[SourceDate "2006.03.05"]

1. Nf3 Nf6 2. c4 g6 3. g3 Bg7 4. Bg2 O-O 5. O-O d6 6. d4 Nc6 7. d5 Na5 8. Nfd2
c5 9. a3 Qc7 10. Ra2 a6 11. b3 b5 12. cxb5 axb5 13. Rc2 Bf5 14. e4 Bd7 15. Bb2
Qb6 16. e5 dxe5 17. Bxe5 Bf5 18. Rc1 Nb7 19. Qe2 Rfd8 20. Nc3 Rxa3 21. Qxb5
Qxb5 22. Nxb5 Ra2 23. Nc4 Be4 24. Bxe4 Nxe4 25. Bxg7 Kxg7 26. Rfe1 Nbd6 27.
Ncxd6 Nxd6 28. Rxc5 Rb8 29. Nc3 Ra7 30. Ne4 Nxe4 31. Rxe4 Rxb3 32. Rd4 Rb2 33.
Rc3 Raa2 34. Rf3 Rd2 35. Rff4 g5 36. Rxd2 Rxd2 37. Rf5 Kg6 38. g4 f6 39. h4 Rd4
40. h5+ Kf7 41. f3 Ke8 42. Kf2 Kd7 43. Ke3 Ra4 44. d6 Kxd6 45. Rb5 Ra3+ 46. Ke4
Ra4+ 47. Ke3 Ra8 48. Ke4 Ke6 49. Rb6+ Kf7 50. Rb7 Re8 51. Rc7 h6 1/2-1/2

[Event "9. Malaga Open"]
[Site "Campillos ESP"]
[Date "2006.03.02"]
[Round "7.1"]
[White "Ivanov, Jordan"]
[Black "Cicak, Slavko"]
[Result "0-1"]
[WhiteElo "2348"]
[BlackElo "2500"]
[PlyCount "126"]
[EventDate "2006.02.25"]
[EventType "swiss"]
[EventRounds "9"]
[EventCountry "ESP"]
[Source "lmi"]
[SourceDate "2006.03.05"]

1. d4 g6 2. e4 c6 3. Nc3 Bg7 4. Nf3 d6 5. Be3 b5 6. h3 Bb7 7. Bd3 Nd7 8. O-O e5
9. d5 a6 10. a4 cxd5 11. Nxd5 Bxd5 12. exd5 b4 13. a5 Ne7 14. Qd2 O-O 15. Bc4
Qc7 16. Qxb4 Rfb8 17. Qc3 Nf5 18. Bb3 Qxc3 19. bxc3 Nxe3 20. fxe3 Nc5 21. Rfb1
Bh6 22. Kf1 Bxe3 23. Ke2 Bh6 24. Bc4 Kf8 25. g4 Ke7 26. g5 Bg7 27. Ke3 h6 28.
h4 hxg5 29. hxg5 Rh8 30. Rb6 Rh3 31. Bd3 f5 32. gxf6+ Bxf6 33. Bxg6 Rf8 34. Rf1
Rg3 35. Bh7 Rf7 36. Bd3 Bg7 37. Rb4 Bh6+ 38. Ke2 Bf4 39. Rf2 Kd7 40. Nd2 Re3+
41. Kf1 Nxd3 42. cxd3 Rxd3 43. Nc4 Kc7 44. Rb6 Rxd5 45. Rxa6 Rf6 46. Ne3 Rd3
47. Ng2 Rxc3 48. Nxf4 exf4 49. Re2 Kd7 50. Rb6 f3 51. Rb7+ Kc8 52. Reb2 Ra3 53.
R7b3 Rxa5 54. Kf2 Rh5 55. Rxf3 Rh2+ 56. Kg1 Rxf3 57. Rxh2 Kd7 58. Rd2 Rf5 59.
Kg2 Kc6 60. Rc2+ Kb5 61. Rd2 d5 62. Kg3 Kc4 63. Kg4 Rf1 0-1

[Event "9. Malaga Open"]
[Site "Campillos ESP"]
[Date "2006.03.02"]
[Round "7.2"]
[White "Tratar, Marko"]
[Black "Rivas Pastor, Manuel"]
[Result "1/2-1/2"]
[WhiteElo "2466"]
[BlackElo "2502"]
[PlyCount "21"]
[EventDate "2006.02.25"]
[EventType "swiss"]
[EventRounds "9"]
[EventCountry "ESP"]
[Source "lmi"]
[SourceDate "2006.03.05"]

1. Nf3 d5 2. d4 Nf6 3. c4 e6 4. Nc3 Be7 5. Bg5 O-O 6. e3 b6 7. Bd3 Bb7 8. O-O
Nbd7 9. Qe2 dxc4 10. Bxc4 Ne4 11. Bxe7 1/2-1/2

[Event "9. Malaga Open"]
[Site "Campillos ESP"]
[Date "2006.03.02"]
[Round "7.3"]
[White "Gonzales, Jayson"]
[Black "Romanishin, Oleg"]
[Result "1/2-1/2"]
[WhiteElo "2452"]
[BlackElo "2552"]
[PlyCount "25"]
[EventDate "2006.02.25"]
[EventType "swiss"]
[EventRounds "9"]
[EventCountry "ESP"]
[Source "lmi"]
[SourceDate "2006.03.05"]

1. d4 d5 2. Bf4 Nf6 3. e3 c5 4. c3 e6 5. Nd2 Nc6 6. Ngf3 Bd6 7. Bg3 O-O 8. Ne5
Qc7 9. f4 Ne4 10. Nxe4 dxe4 11. Nc4 cxd4 12. cxd4 Ne7 13. Rc1 1/2-1/2

[Event "9. Malaga Open"]
[Site "Campillos ESP"]
[Date "2006.03.02"]
[Round "7.5"]
[White "Perez Candelario, Manuel"]
[Black "Roeder, Mathias"]
[Result "1-0"]
[WhiteElo "2511"]
[BlackElo "2400"]
[PlyCount "67"]
[EventDate "2006.02.25"]
[EventType "swiss"]
[EventRounds "9"]
[EventCountry "ESP"]
[Source "lmi"]
[SourceDate "2006.03.05"]

1. e4 c5 2. Nf3 d6 3. d4 cxd4 4. Nxd4 Nf6 5. Nc3 a6 6. Qe2 Qb6 7. Nb3 e6 8. g4
Nc6 9. g5 Nd7 10. f4 Qc7 11. a3 b6 12. Be3 Bb7 13. Bh3 O-O-O 14. f5 Re8 15.
O-O-O Kb8 16. Nd4 Nde5 17. fxe6 fxe6 18. b4 Nxd4 19. Bxd4 Nd7 20. Rhf1 Be7 21.
Kb2 Bxg5 22. Rf7 Bf6 23. e5 dxe5 24. Rxd7 exd4 25. Rxc7 Kxc7 26. Rxd4 Kb8 27.
Qe3 Rc8 28. Ne2 Rcd8 29. c3 e5 30. Rxd8+ Rxd8 31. Ng3 e4 32. Nxe4 Bxe4 33. Qxe4
Rd2+ 34. Kb3 1-0

[Event "9. Malaga Open"]
[Site "Campillos ESP"]
[Date "2006.03.02"]
[Round "7.6"]
[White "Matamoros Franco, Carlos"]
[Black "Hennigan, Michael"]
[Result "1-0"]
[WhiteElo "2510"]
[BlackElo "2400"]
[PlyCount "65"]
[EventDate "2006.02.25"]
[EventType "swiss"]
[EventRounds "9"]
[EventCountry "ESP"]
[Source "lmi"]
[SourceDate "2006.03.05"]

1. c4 Nf6 2. g3 g6 3. Bg2 Bg7 4. Nc3 O-O 5. d4 d6 6. Nf3 Nc6 7. O-O e5 8. d5
Ne7 9. e4 Nd7 10. Ne1 f5 11. Nd3 Nf6 12. Bg5 fxe4 13. Nxe4 Nf5 14. g4 Nd4 15.
f4 Qe8 16. Nxf6+ Bxf6 17. Bxf6 Rxf6 18. Re1 Qf8 19. fxe5 dxe5 20. Nxe5 c5 21.
dxc6 Nxc6 22. Bd5+ Kg7 23. Nxc6 bxc6 24. Qd4 h6 25. Bxc6 Rb8 26. Re8 Qd6 27.
Qxd6 Rxd6 28. Bd5 Rbb6 29. Rf1 h5 30. Rff8 Rxb2 31. Rxc8 Rb1+ 32. Kg2 Rb2+ 33.
Rf2 1-0

[Event "9. Malaga Open"]
[Site "Campillos ESP"]
[Date "2006.03.02"]
[Round "7.8"]
[White "Gullaksen, Eirik"]
[Black "Mariano, Nelson"]
[Result "1/2-1/2"]
[WhiteElo "280"]
[BlackElo "2474"]
[PlyCount "40"]
[EventDate "2006.02.25"]
[EventType "swiss"]
[EventRounds "9"]
[EventCountry "ESP"]
[Source "lmi"]
[SourceDate "2006.03.05"]

1. e4 e6 2. d4 d5 3. Nc3 Bb4 4. e5 c5 5. dxc5 Ne7 6. Nf3 Nd7 7. Bd3 a6 8. O-O
h6 9. Na4 Bxc5 10. Nxc5 Nxc5 11. Be3 Nxd3 12. Qxd3 Qc7 13. Qb3 Bd7 14. Rfe1 Rc8
15. c3 O-O 16. Bb6 Qc4 17. Qa3 Rfe8 18. Nd4 Nf5 19. Rad1 Qa4 20. Qxa4 Bxa4
1/2-1/2

[Event "9. Malaga Open"]
[Site "Campillos ESP"]
[Date "2006.03.02"]
[Round "7.9"]
[White "Teran Alvarez, Ismael"]
[Black "Garcia Martinez, Silvino"]
[Result "1-0"]
[WhiteElo "2446"]
[BlackElo "2333"]
[PlyCount "55"]
[EventDate "2006.02.25"]
[EventType "swiss"]
[EventRounds "9"]
[EventCountry "ESP"]
[Source "lmi"]
[SourceDate "2006.03.05"]

1. e4 e6 2. d4 d5 3. e5 c5 4. c3 Nc6 5. Nf3 Qb6 6. Bd3 Bd7 7. O-O cxd4 8. cxd4
Nxd4 9. Nbd2 Nc6 10. Nb3 Nge7 11. Be3 Qc7 12. Rc1 Ng6 13. Nc5 Be7 14. b4 a6 15.
a4 Qb8 16. b5 axb5 17. Bxb5 Bxc5 18. Bxc5 Ncxe5 19. Nxe5 Bxb5 20. Re1 Bxa4 21.
Qxd5 exd5 22. Nxg6+ Kd7 23. Re7+ Kc6 24. Bd4+ Kb5 25. Nxh8 Bb3 26. Nxf7 Ra2 27.
Be5 Qa7 28. Rxb7+ 1-0

[Event "9. Malaga Open"]
[Site "Campillos ESP"]
[Date "2006.03.02"]
[Round "7.10"]
[White "Breivik, Lars"]
[Black "Bellon Lopez, Juan Manuel"]
[Result "0-1"]
[WhiteElo "2231"]
[BlackElo "2415"]
[PlyCount "86"]
[EventDate "2006.02.25"]
[EventType "swiss"]
[EventRounds "9"]
[EventCountry "ESP"]
[Source "lmi"]
[SourceDate "2006.03.05"]

1. d4 Nf6 2. Nf3 c5 3. d5 d6 4. Nc3 Qa5 5. Bd2 b5 6. Ne4 Qb6 7. Nxf6+ exf6 8.
e4 g6 9. a4 bxa4 10. Bc3 Bg7 11. Rxa4 O-O 12. Bd3 f5 13. exf5 Bxc3+ 14. bxc3
Re8+ 15. Re4 Rxe4+ 16. Bxe4 Nd7 17. fxg6 hxg6 18. O-O Nf6 19. Nd2 a5 20. Qa1 a4
21. c4 Qd8 22. Bd3 Bd7 23. f4 a3 24. Nb3 Bf5 25. Qc3 a2 26. Ra1 Qe7 27. Bxf5
gxf5 28. Qg3+ Kf8 29. Nc1 Qe4 30. Qc3 Ra5 31. Nb3 Kg7 32. g3 Ra4 33. Nd2 Qe2
34. Qd3 Qe8 35. Nf3 Ng4 36. Qc3+ f6 37. Qb3 Rb4 38. Qc3 Rb1+ 39. Kg2 Qe2+ 40.
Kh3 Rb8 41. Rh1 Rh8+ 42. Nh4 Nf2+ 43. Kg2 Ne4+ 0-1

[Event "9. Malaga Open"]
[Site "Campillos ESP"]
[Date "2006.03.02"]
[Round "7.11"]
[White "Rodriguez Lopez, Rafael"]
[Black "Alonso, Rene"]
[Result "1/2-1/2"]
[WhiteElo "2267"]
[BlackElo "2392"]
[PlyCount "24"]
[EventDate "2006.02.25"]
[EventType "swiss"]
[EventRounds "9"]
[EventCountry "ESP"]
[Source "lmi"]
[SourceDate "2006.03.05"]

1. d4 d5 2. c4 e6 3. Nf3 Nf6 4. Bg5 Bb4+ 5. Nc3 Nbd7 6. e3 c5 7. cxd5 exd5 8.
Bd3 Qa5 9. Qc2 c4 10. Bf5 O-O 11. O-O Re8 12. Bh4 Bxc3 1/2-1/2

[Event "9. Malaga Open"]
[Site "Campillos ESP"]
[Date "2006.03.02"]
[Round "7.12"]
[White "Sahl, Bjarke"]
[Black "Fernandez Siles, Luis"]
[Result "1/2-1/2"]
[WhiteElo "2381"]
[BlackElo "2291"]
[PlyCount "55"]
[EventDate "2006.02.25"]
[EventType "swiss"]
[EventRounds "9"]
[EventCountry "ESP"]
[Source "lmi"]
[SourceDate "2006.03.05"]

1. e4 c5 2. Nf3 d6 3. d4 cxd4 4. Nxd4 Nf6 5. Nc3 g6 6. Bc4 Bg7 7. O-O O-O 8.
Re1 Nc6 9. h3 Bd7 10. Bg5 Nxd4 11. Qxd4 h6 12. Bc1 Bc6 13. Qd3 e6 14. Bb3 d5
15. exd5 Nxd5 16. Nxd5 Bxd5 17. Bxd5 Qxd5 18. Qxd5 exd5 19. c3 d4 20. cxd4 Bxd4
21. Bxh6 Rfe8 22. Red1 Bxb2 23. Rab1 Re2 24. Rd2 Rxd2 25. Bxd2 Be5 26. Rb5 Rd8
27. Be1 Bf6 28. Kf1 1/2-1/2

[Event "9. Malaga Open"]
[Site "Campillos ESP"]
[Date "2006.03.02"]
[Round "7.13"]
[White "Aguettaz, Maxime"]
[Black "Lovik, Lasse Ostebo"]
[Result "1-0"]
[WhiteElo "2338"]
[BlackElo "2003"]
[PlyCount "59"]
[EventDate "2006.02.25"]
[EventType "swiss"]
[EventRounds "9"]
[EventCountry "ESP"]
[Source "lmi"]
[SourceDate "2006.03.05"]

1. Nf3 Nf6 2. g3 g6 3. Bg2 Bg7 4. c4 O-O 5. O-O d6 6. Nc3 e5 7. d3 Nc6 8. Rb1
a5 9. a3 Nh5 10. b4 axb4 11. axb4 f5 12. Bg5 Qd7 13. b5 Nd8 14. Bd2 Ne6 15. Nd5
h6 16. Nh4 Kh7 17. f4 Qd8 18. e4 Nhxf4 19. Nxg6 Nxg6 20. exf5 Nh4 21. fxe6
Rxf1+ 22. Qxf1 Nxg2 23. e7 Qg8 24. Qxg2 Ra2 25. Qe4+ Kh8 26. Qg6 Bd7 27. Bxh6
Bxh6 28. Qxh6+ Qh7 29. Qf8+ Qg8 30. Nf6 1-0

[Event "9. Malaga Open"]
[Site "Campillos ESP"]
[Date "2006.03.02"]
[Round "7.14"]
[White "Nava Baro, Enrique"]
[Black "Gorbatow, Alexej"]
[Result "0-1"]
[WhiteElo "2217"]
[BlackElo "2381"]
[PlyCount "88"]
[EventDate "2006.02.25"]
[EventType "swiss"]
[EventRounds "9"]
[EventCountry "ESP"]
[Source "lmi"]
[SourceDate "2006.03.05"]

1. d4 g6 2. c4 Bg7 3. Nf3 d6 4. e4 e5 5. dxe5 dxe5 6. Qxd8+ Kxd8 7. Nc3 c6 8.
Bg5+ f6 9. O-O-O+ Ke7 10. Be3 Bh6 11. Bxh6 Nxh6 12. Be2 Be6 13. Rd2 Nd7 14.
Rhd1 Rhd8 15. Ne1 Nf7 16. Nc2 a5 17. Ne3 Nc5 18. Rxd8 Nxd8 19. Bg4 Bf7 20. h4
Nde6 21. Bxe6 Bxe6 22. g4 Rf8 23. b3 f5 24. exf5 gxf5 25. g5 f4 26. Nc2 h6 27.
f3 hxg5 28. hxg5 Rg8 29. Rg1 Bf5 30. Ne1 Ne6 31. Na4 Kd6 32. Kd2 Rxg5 33. Rxg5
Nxg5 34. Ke2 b5 35. Nb2 Ne6 36. Kd2 Nc5 37. Ke2 a4 38. Kd2 Bb1 39. Nbd3 Nxd3
40. Nxd3 Bxd3 41. Kxd3 c5 42. Kd2 Ke6 43. Ke2 Kf5 44. Kd3 e4+ 0-1

[Event "9. Malaga Open"]
[Site "Campillos ESP"]
[Date "2006.03.02"]
[Round "7.15"]
[White "Garcia Vasquez, Jhoel Christopher"]
[Black "Quillan, Gary"]
[Result "1-0"]
[WhiteElo "2228"]
[BlackElo "2356"]
[PlyCount "73"]
[EventDate "2006.02.25"]
[EventType "swiss"]
[EventRounds "9"]
[EventCountry "ESP"]
[Source "lmi"]
[SourceDate "2006.03.05"]

1. d4 e6 2. Nf3 Nf6 3. c4 c5 4. d5 exd5 5. cxd5 d6 6. Nc3 g6 7. e4 Bg7 8. Be2
O-O 9. Bf4 Bg4 10. O-O Bxf3 11. Bxf3 a6 12. a4 Re8 13. a5 Qe7 14. Qb3 Nbd7 15.
Qxb7 Reb8 16. Qc6 Ne8 17. Na4 Be5 18. Nb6 Nxb6 19. Bxe5 Nc4 20. Bc3 Ne5 21. Qa4
Nxf3+ 22. gxf3 Nc7 23. Rfe1 Nb5 24. e5 Nxc3 25. bxc3 dxe5 26. f4 Rb2 27. Ra2
Rab8 28. Rxb2 Rxb2 29. Qc6 Rd2 30. c4 e4 31. Qxa6 Qd7 32. Re3 Rc2 33. h3 Qf5
34. Qd6 Rxc4 35. a6 Ra4 36. a7 Ra1+ 37. Kg2 1-0

[Event "9. Malaga Open"]
[Site "Campillos ESP"]
[Date "2006.03.03"]
[Round "8.1"]
[White "Cicak, Slavko"]
[Black "Rotstein, Arkadij"]
[Result "1/2-1/2"]
[WhiteElo "2500"]
[BlackElo "2520"]
[PlyCount "21"]
[EventDate "2006.02.25"]
[EventType "swiss"]
[EventRounds "9"]
[EventCountry "ESP"]
[Source "lmi"]
[SourceDate "2006.03.05"]

1. e4 c5 2. Nf3 e6 3. b3 d6 4. Bb2 a6 5. Bd3 Nc6 6. O-O Nf6 7. Re1 e5 8. h3 g6
9. c3 Bg7 10. Bf1 O-O 11. d4 1/2-1/2

[Event "9. Malaga Open"]
[Site "Campillos ESP"]
[Date "2006.03.03"]
[Round "8.2"]
[White "Rivas Pastor, Manuel"]
[Black "Perez Candelario, Manuel"]
[Result "1/2-1/2"]
[WhiteElo "2502"]
[BlackElo "2511"]
[PlyCount "116"]
[EventDate "2006.02.25"]
[EventType "swiss"]
[EventRounds "9"]
[EventCountry "ESP"]
[Source "lmi"]
[SourceDate "2006.03.05"]

1. c4 e6 2. Nc3 d5 3. d4 c6 4. e3 Nf6 5. Qc2 Nbd7 6. Bd2 Bd6 7. c5 Bc7 8. f4 b6
9. b4 O-O 10. a3 a5 11. Rb1 axb4 12. axb4 bxc5 13. bxc5 Ba5 14. Nf3 Bxc3 15.
Bxc3 Ba6 16. Bxa6 Rxa6 17. Nd2 Qa8 18. O-O Ne8 19. Qb2 Nc7 20. Qb7 Ra7 21. Qxa8
Rfxa8 22. Ra1 Rxa1 23. Rxa1 Rxa1+ 24. Bxa1 Nb5 25. Nb3 Kf8 26. Na5 Nb8 27. Kf2
Ke7 28. Ke2 Kd7 29. Kd3 f5 30. Bc3 Na6 31. Nb3 Nac7 32. Nd2 Ne8 33. Nf3 Nf6 34.
Ne5+ Kc7 35. Ba5+ Kb7 36. Nf7 Kc8 37. Ne5 Kb7 38. h3 Na3 39. Bd8 Ne4 40. Bh4
Kc7 41. g4 g6 42. Be1 Nc4 43. Nxc4 dxc4+ 44. Kxc4 Kd7 45. g5 Kc7 46. Kb3 Kb7
47. Kb4 Kc7 48. Ka5 Kb7 49. h4 Ka7 50. Kb4 Kb7 51. Kc4 Kc7 52. Kb4 Kb7 53. Kc4
Kc7 54. Kb4 Kb7 55. Ka5 Ka7 56. Kb4 Kb7 57. Ka5 Ka7 58. Ka4 Kb7 1/2-1/2